[Event "DEM U12 2021"]
[Site "Willingen GER"]
[Date "2021.08.27"]
[Round "7"]
[White "Detjen, Mattes"]
[Black "Ehses, Julius"]
[Result "1-0"]
[Termination "normal"]
[Board "26"]
[WhiteElo "1162"]
[BlackElo "1102"]
[WhiteClock "00:38:10"]
[BlackClock "00:07:12"]
[PlyCount "77"]
[WhiteFideId "16235690"]
[BlackFideId "16294920"]
[EventCountry "GER"]
[EventRounds "9"]
[EventType "swiss"]
[EventDate "2021.08.22"]

1. e4 {[%clk 01:30:30]} {[%emt 00:00:29]} e5 {[%clk 01:30:56]} {[%emt
00:00:04]} 2. Nf3 {[%clk 01:30:30]} {[%emt 00:00:30]} Nf6 {[%clk 01:31:19]}
{[%emt 00:00:09]} 3. Nxe5 {[%clk 01:30:30]} {[%emt 00:00:30]} d6 {[%clk
01:31:36]} {[%emt 00:00:12]} 4. Nf3 {[%clk 01:30:13]} {[%emt 00:00:46]} Nxe4
{[%clk 01:31:55]} {[%emt 00:00:11]} 5. Nc3 {[%clk 01:30:06]} {[%emt 00:00:36]}
Nf6 {[%clk 01:32:10]} {[%emt 00:00:16]} 6. d4 {[%clk 01:29:34]} {[%emt
00:01:02]} Be7 {[%clk 01:32:28]} {[%emt 00:00:13]} 7. Bd3 {[%clk 01:29:04]}
{[%emt 00:00:59]} O-O {[%clk 01:32:33]} {[%emt 00:00:26]} 8. O-O {[%clk
01:29:21]} {[%emt 00:00:13]} d5 {[%clk 01:30:39]} {[%emt 00:02:24]} 9. h3
{[%clk 01:29:19]} {[%emt 00:00:32]} Be6 {[%clk 01:29:29]} {[%emt 00:01:40]} 10.
Re1 {[%clk 01:26:44]} {[%emt 00:03:04]} Re8 {[%clk 01:29:30]} {[%emt 00:00:29]}
11. Ng5 {[%clk 01:23:28]} {[%emt 00:03:44]} Bc8 {[%clk 01:23:08]} {[%emt
00:06:54]} 12. Bf4 {[%clk 01:19:37]} {[%emt 00:04:22]} c6 {[%clk 01:21:02]}
{[%emt 00:02:36]} 13. Be5 {[%clk 01:18:20]} {[%emt 00:01:44]} Nbd7 {[%clk
01:12:25]} {[%emt 00:09:08]} 14. f4 {[%clk 01:14:20]} {[%emt 00:04:31]} h6
{[%clk 01:02:45]} {[%emt 00:10:10]} 15. Nf3 {[%clk 01:12:16]} {[%emt 00:02:33]}
Nf8 {[%clk 01:00:59]} {[%emt 00:02:14]} 16. Re3 {[%clk 01:11:09]} {[%emt
00:01:40]} Be6 {[%clk 00:51:29]} {[%emt 00:10:00]} 17. Nh2 {[%clk 01:08:44]}
{[%emt 00:02:54]} Bd6 {[%clk 00:48:47]} {[%emt 00:03:14]} 18. Bxf6 {[%clk
01:07:04]} {[%emt 00:02:10]} Qxf6 {[%clk 00:47:53]} {[%emt 00:01:23]} 19. f5
{[%clk 01:05:48]} {[%emt 00:01:46]} Bxf5 {[%clk 00:46:38]} {[%emt 00:01:45]}
20. Rf3 {[%clk 01:04:45]} {[%emt 00:01:34]} Bxh2+ {[%clk 00:43:45]} {[%emt
00:03:23]} 21. Kxh2 {[%clk 01:04:50]} {[%emt 00:00:25]} Qd6+ {[%clk 00:43:20]}
{[%emt 00:00:55]} 22. Kg1 {[%clk 01:04:35]} {[%emt 00:00:43]} Bxd3 {[%clk
00:41:54]} {[%emt 00:01:57]} 23. Qxd3 {[%clk 01:04:15]} {[%emt 00:00:50]} Ne6
{[%clk 00:39:18]} {[%emt 00:03:06]} 24. Raf1 {[%clk 01:01:37]} {[%emt
00:03:08]} f6 {[%clk 00:37:55]} {[%emt 00:01:54]} 25. Qg6 {[%clk 01:00:59]}
{[%emt 00:01:04]} Kh8 {[%clk 00:32:17]} {[%emt 00:06:11]} 26. Rg3 {[%clk
00:56:52]} {[%emt 00:04:34]} Ng5 {[%clk 00:28:00]} {[%emt 00:04:50]} 27. Rg4
{[%clk 00:55:03]} {[%emt 00:02:20]} Rg8 {[%clk 00:26:27]} {[%emt 00:02:03]} 28.
Rxg5 {[%clk 00:51:24]} {[%emt 00:04:09]} Qe7 {[%clk 00:23:10]} {[%emt
00:03:47]} 29. Rh5 {[%clk 00:49:54]} {[%emt 00:01:59]} Raf8 {[%clk 00:20:35]}
{[%emt 00:03:06]} 30. Nd1 {[%clk 00:47:20]} {[%emt 00:03:03]} Re8 {[%clk
00:16:04]} {[%emt 00:05:02]} 31. Nf2 {[%clk 00:44:43]} {[%emt 00:03:06]} Rgf8
{[%clk 00:14:46]} {[%emt 00:01:48]} 32. Nh1 {[%clk 00:42:37]} {[%emt 00:02:35]}
Qe3+ {[%clk 00:13:05]} {[%emt 00:02:12]} 33. Kh2 {[%clk 00:42:47]} {[%emt
00:00:18]} Qxd4 {[%clk 00:13:01]} {[%emt 00:00:36]} 34. Ng3 {[%clk 00:42:56]}
{[%emt 00:00:20]} Qxb2 {[%clk 00:12:50]} {[%emt 00:00:43]} 35. Nf5 {[%clk
00:42:25]} {[%emt 00:01:01]} Qe5+ {[%clk 00:11:38]} {[%emt 00:01:41]} 36. Kh1
{[%clk 00:40:28]} {[%emt 00:02:26]} Qc7 {[%clk 00:11:29]} {[%emt 00:00:39]} 37.
Nxh6 {[%clk 00:38:14]} {[%emt 00:02:45]} Re7 {[%clk 00:06:46]} {[%emt
00:05:13]} 38. Nf7+ {[%clk 00:37:49]} {[%emt 00:00:53]} Kg8 {[%clk 00:07:12]}
{[%emt 00:00:06]} 39. Rh8# {[%clk 00:38:10]} {[%emt 00:00:09]} 1-0

[Event "DEM U12 2021"]
[Site "Willingen GER"]
[Date "2021.08.27"]
[Round "7"]
[White "Rückel, Felix"]
[Black "Bock, Leonas"]
[Result "1-0"]
[Termination "normal"]
[Board "27"]
[WhiteElo "994"]
[BlackElo "1278"]
[WhiteClock "00:56:15"]
[BlackClock "00:08:28"]
[PlyCount "75"]
[WhiteFideId "34608826"]
[BlackFideId "16287118"]
[EventCountry "GER"]
[EventRounds "9"]
[EventType "swiss"]
[EventDate "2021.08.22"]

1. e4 {[%clk 01:30:58]} {[%emt 00:00:01]} c5 {[%clk 01:30:52]} {[%emt
00:00:08]} 2. Nf3 {[%clk 01:31:18]} {[%emt 00:00:11]} Nc6 {[%clk 01:31:08]}
{[%emt 00:00:13]} 3. b3 {[%clk 01:31:25]} {[%emt 00:00:23]} d6 {[%clk
01:28:22]} {[%emt 00:03:16]} 4. Bb2 {[%clk 01:31:20]} {[%emt 00:00:36]} e6
{[%clk 01:24:31]} {[%emt 00:04:20]} 5. Bb5 {[%clk 01:29:20]} {[%emt 00:02:31]}
Nge7 {[%clk 01:21:53]} {[%emt 00:03:07]} 6. O-O {[%clk 01:29:02]} {[%emt
00:00:48]} a6 {[%clk 01:20:37]} {[%emt 00:01:46]} 7. Bxc6+ {[%clk 01:27:42]}
{[%emt 00:01:50]} Nxc6 {[%clk 01:20:57]} {[%emt 00:00:10]} 8. a4 {[%clk
01:27:18]} {[%emt 00:00:55]} Bd7 {[%clk 01:18:39]} {[%emt 00:02:48]} 9. d3
{[%clk 01:26:40]} {[%emt 00:01:08]} Be7 {[%clk 01:15:16]} {[%emt 00:03:53]} 10.
Re1 {[%clk 01:25:54]} {[%emt 00:01:15]} e5 {[%clk 01:12:44]} {[%emt 00:03:02]}
11. h3 {[%clk 01:23:02]} {[%emt 00:03:22]} O-O {[%clk 00:58:13]} {[%emt
00:15:01]} 12. Nc3 {[%clk 01:21:52]} {[%emt 00:01:40]} f5 {[%clk 00:52:30]}
{[%emt 00:06:12]} 13. Nd5 {[%clk 01:18:31]} {[%emt 00:03:52]} Bg5 {[%clk
00:44:28]} {[%emt 00:08:32]} 14. Nxg5 {[%clk 01:17:09]} {[%emt 00:01:53]} Qxg5
{[%clk 00:42:29]} {[%emt 00:02:27]} 15. Nb6 {[%clk 01:16:11]} {[%emt 00:01:29]}
Rad8 {[%clk 00:41:23]} {[%emt 00:01:36]} 16. Nxd7 {[%clk 01:15:57]} {[%emt
00:00:44]} Rxd7 {[%clk 00:41:43]} {[%emt 00:00:11]} 17. exf5 {[%clk 01:15:22]}
{[%emt 00:01:04]} Rxf5 {[%clk 00:34:51]} {[%emt 00:07:22]} 18. Qg4 {[%clk
01:10:48]} {[%emt 00:05:05]} Qxg4 {[%clk 00:32:47]} {[%emt 00:02:31]} 19. hxg4
{[%clk 01:11:06]} {[%emt 00:00:14]} Rf4 {[%clk 00:31:12]} {[%emt 00:02:06]} 20.
f3 {[%clk 01:10:31]} {[%emt 00:01:05]} Nb4 {[%clk 00:29:21]} {[%emt 00:02:22]}
21. Rac1 {[%clk 01:08:40]} {[%emt 00:02:20]} Re7 {[%clk 00:26:39]} {[%emt
00:03:13]} 22. Kh2 {[%clk 01:05:42]} {[%emt 00:03:27]} Nc6 {[%clk 00:24:55]}
{[%emt 00:02:14]} 23. Kg3 {[%clk 01:05:12]} {[%emt 00:00:59]} g5 {[%clk
00:22:17]} {[%emt 00:03:09]} 24. c3 {[%clk 01:01:56]} {[%emt 00:03:46]} d5
{[%clk 00:19:13]} {[%emt 00:03:34]} 25. Ba3 {[%clk 00:59:47]} {[%emt 00:02:39]}
b6 {[%clk 00:17:56]} {[%emt 00:01:48]} 26. Rcd1 {[%clk 00:58:30]} {[%emt
00:01:46]} Kf7 {[%clk 00:16:04]} {[%emt 00:02:22]} 27. Bc1 {[%clk 00:58:37]}
{[%emt 00:00:22]} d4 {[%clk 00:13:02]} {[%emt 00:03:33]} 28. c4 {[%clk
00:57:01]} {[%emt 00:02:07]} Na5 {[%clk 00:10:35]} {[%emt 00:02:57]} 29. Bxf4
{[%clk 00:56:53]} {[%emt 00:00:37]} exf4+ {[%clk 00:10:54]} {[%emt 00:00:12]}
30. Kf2 {[%clk 00:56:37]} {[%emt 00:00:45]} Rxe1 {[%clk 00:10:43]} {[%emt
00:00:42]} 31. Kxe1 {[%clk 00:56:12]} {[%emt 00:00:54]} Nxb3 {[%clk 00:11:06]}
{[%emt 00:00:07]} 32. Rb1 {[%clk 00:56:13]} {[%emt 00:00:29]} Na5 {[%clk
00:09:30]} {[%emt 00:02:06]} 33. Rxb6 {[%clk 00:56:27]} {[%emt 00:00:17]} Kg7
{[%clk 00:08:59]} {[%emt 00:01:00]} 34. Kd2 {[%clk 00:56:15]} {[%emt 00:00:40]}
Kf7 {[%clk 00:08:52]} {[%emt 00:00:39]} 35. Kc2 {[%clk 00:56:16]} {[%emt
00:00:26]} Kg7 {[%clk 00:09:10]} {[%emt 00:00:15]} 36. Rxa6 {[%clk 00:56:19]}
{[%emt 00:00:27]} Nb7 {[%clk 00:08:23]} {[%emt 00:01:17]} 37. Ra7 {[%clk
00:56:27]} {[%emt 00:00:23]} Kg6 {[%clk 00:08:28]} {[%emt 00:00:24]} 38. Rxb7
{[%clk 00:56:15]} {[%emt 00:00:42]} 1-0

[Event "DEM U12 2021"]
[Site "Willingen GER"]
[Date "2021.08.27"]
[Round "7"]
[White "Wellßow, Lio Keanu"]
[Black "Jumah, Shayan"]
[Result "1/2-1/2"]
[Termination "normal"]
[Board "28"]
[WhiteElo "1203"]
[BlackElo "1275"]
[WhiteClock "01:09:39"]
[BlackClock "00:56:15"]
[PlyCount "45"]
[WhiteFideId "16252837"]
[BlackFideId "16281888"]
[EventCountry "GER"]
[EventRounds "9"]
[EventType "swiss"]
[EventDate "2021.08.22"]

1. d4 {[%clk 01:30:56]} {[%emt 00:00:03]} e6 {[%clk 01:30:56]} {[%emt
00:00:04]} 2. Nf3 {[%clk 01:31:19]} {[%emt 00:00:07]} f5 {[%clk 01:31:20]}
{[%emt 00:00:06]} 3. e3 {[%clk 01:31:18]} {[%emt 00:00:32]} Nf6 {[%clk
01:31:44]} {[%emt 00:00:06]} 4. Bd3 {[%clk 01:30:40]} {[%emt 00:01:07]} d5
{[%clk 01:31:56]} {[%emt 00:00:18]} 5. O-O {[%clk 01:30:12]} {[%emt 00:00:58]}
c6 {[%clk 01:32:22]} {[%emt 00:00:05]} 6. b3 {[%clk 01:29:31]} {[%emt
00:01:11]} Bd6 {[%clk 01:32:44]} {[%emt 00:00:08]} 7. Bb2 {[%clk 01:29:25]}
{[%emt 00:00:36]} O-O {[%clk 01:33:01]} {[%emt 00:00:12]} 8. Nbd2 {[%clk
01:29:42]} {[%emt 00:00:13]} Bd7 {[%clk 01:32:03]} {[%emt 00:01:28]} 9. Ne5
{[%clk 01:27:47]} {[%emt 00:02:25]} Be8 {[%clk 01:28:56]} {[%emt 00:03:38]} 10.
f4 {[%clk 01:26:45]} {[%emt 00:01:32]} Nbd7 {[%clk 01:28:13]} {[%emt 00:01:12]}
11. c4 {[%clk 01:26:29]} {[%emt 00:00:47]} Bh5 {[%clk 01:25:01]} {[%emt
00:03:41]} 12. Be2 {[%clk 01:25:48]} {[%emt 00:01:11]} Bxe2 {[%clk 01:25:00]}
{[%emt 00:00:31]} 13. Qxe2 {[%clk 01:26:12]} {[%emt 00:00:06]} Qe8 {[%clk
01:23:10]} {[%emt 00:02:19]} 14. a3 {[%clk 01:20:59]} {[%emt 00:05:45]} Bxe5
{[%clk 01:12:25]} {[%emt 00:11:15]} 15. fxe5 {[%clk 01:19:43]} {[%emt
00:01:46]} Ne4 {[%clk 01:11:44]} {[%emt 00:01:10]} 16. Nxe4 {[%clk 01:19:04]}
{[%emt 00:01:10]} fxe4 {[%clk 01:12:01]} {[%emt 00:00:12]} 17. Rxf8+ {[%clk
01:18:59]} {[%emt 00:00:35]} Nxf8 {[%clk 01:11:27]} {[%emt 00:01:03]} 18. a4
{[%clk 01:18:58]} {[%emt 00:00:33]} Ng6 {[%clk 01:11:23]} {[%emt 00:00:33]} 19.
Ba3 {[%clk 01:18:44]} {[%emt 00:00:44]} Qd8 {[%clk 01:08:27]} {[%emt 00:03:27]}
20. Bd6 {[%clk 01:16:41]} {[%emt 00:02:33]} Qg5 {[%clk 01:06:13]} {[%emt
00:02:43]} 21. Rf1 {[%clk 01:14:58]} {[%emt 00:02:13]} Nh4 {[%clk 01:01:51]}
{[%emt 00:04:53]} 22. Qf2 {[%clk 01:13:37]} {[%emt 00:01:51]} Nf5 {[%clk
00:56:15]} {[%emt 00:06:05]} 23. Re1 {[%clk 01:09:39]} {[%emt 00:04:28]}
1/2-1/2

[Event "DEM U12 2021"]
[Site "Willingen GER"]
[Date "2021.08.28"]
[Round "8"]
[White "Besou, Hussain"]
[Black "Dordevic, Tom"]
[Result "0-1"]
[Termination "normal"]
[Board "1"]
[WhiteElo "1856"]
[BlackElo "1594"]
[WhiteClock "00:45:41"]
[BlackClock "00:21:34"]
[PlyCount "106"]
[WhiteFideId "16269950"]
[BlackFideId "16260503"]
[EventCountry "GER"]
[EventRounds "9"]
[EventType "swiss"]
[EventDate "2021.08.22"]

1. d4 {[%clk 01:30:54]} {[%emt 00:00:06]} Nf6 {[%clk 01:30:29]} {[%emt
00:00:31]} 2. c4 {[%clk 01:31:16]} {[%emt 00:00:08]} e6 {[%clk 01:30:35]}
{[%emt 00:00:24]} 3. Nc3 {[%clk 01:31:39]} {[%emt 00:00:07]} d5 {[%clk
01:30:59]} {[%emt 00:00:07]} 4. cxd5 {[%clk 01:32:03]} {[%emt 00:00:06]} exd5
{[%clk 01:31:24]} {[%emt 00:00:05]} 5. Bg5 {[%clk 01:32:26]} {[%emt 00:00:06]}
Be7 {[%clk 01:31:19]} {[%emt 00:00:35]} 6. Qc2 {[%clk 01:31:20]} {[%emt
00:01:36]} c6 {[%clk 01:31:20]} {[%emt 00:00:29]} 7. h3 {[%clk 01:31:27]}
{[%emt 00:00:23]} h6 {[%clk 01:29:58]} {[%emt 00:01:53]} 8. Bf4 {[%clk
01:31:49]} {[%emt 00:00:07]} Bd6 {[%clk 01:28:59]} {[%emt 00:01:29]} 9. Bxd6
{[%clk 01:32:09]} {[%emt 00:00:10]} Qxd6 {[%clk 01:29:25]} {[%emt 00:00:04]}
10. e3 {[%clk 01:32:01]} {[%emt 00:00:37]} Nbd7 {[%clk 01:27:42]} {[%emt
00:02:13]} 11. Nf3 {[%clk 01:32:00]} {[%emt 00:00:31]} b6 {[%clk 01:25:09]}
{[%emt 00:03:03]} 12. Rb1 {[%clk 01:26:26]} {[%emt 00:06:04]} a5 {[%clk
01:19:42]} {[%emt 00:05:58]} 13. Bd3 {[%clk 01:21:09]} {[%emt 00:05:46]} Ba6
{[%clk 01:09:25]} {[%emt 00:10:47]} 14. Bxa6 {[%clk 01:19:55]} {[%emt
00:01:44]} Rxa6 {[%clk 01:09:50]} {[%emt 00:00:05]} 15. a3 {[%clk 01:19:14]}
{[%emt 00:01:11]} Ra8 {[%clk 01:08:13]} {[%emt 00:02:06]} 16. O-O {[%clk
01:17:48]} {[%emt 00:01:56]} O-O {[%clk 01:05:39]} {[%emt 00:03:04]} 17. Rfc1
{[%clk 01:12:05]} {[%emt 00:06:12]} Rac8 {[%clk 01:02:40]} {[%emt 00:03:30]}
18. Ne2 {[%clk 01:02:44]} {[%emt 00:09:51]} Ne4 {[%clk 00:54:32]} {[%emt
00:08:38]} 19. Nf4 {[%clk 01:02:51]} {[%emt 00:00:22]} Rfe8 {[%clk 00:49:15]}
{[%emt 00:05:47]} 20. Qd1 {[%clk 00:52:43]} {[%emt 00:10:39]} g6 {[%clk
00:35:16]} {[%emt 00:14:30]} 21. Nd3 {[%clk 00:43:10]} {[%emt 00:10:03]} c5
{[%clk 00:25:07]} {[%emt 00:10:39]} 22. dxc5 {[%clk 00:38:51]} {[%emt
00:04:49]} bxc5 {[%clk 00:25:22]} {[%emt 00:00:16]} 23. Nd2 {[%clk 00:32:50]}
{[%emt 00:06:30]} f5 {[%clk 00:19:39]} {[%emt 00:06:13]} 24. Nf4 {[%clk
00:28:50]} {[%emt 00:04:29]} Nb6 {[%clk 00:15:56]} {[%emt 00:04:13]} 25. Nxe4
{[%clk 00:25:00]} {[%emt 00:04:20]} fxe4 {[%clk 00:15:20]} {[%emt 00:01:06]}
26. Qg4 {[%clk 00:25:17]} {[%emt 00:00:12]} Kh7 {[%clk 00:14:24]} {[%emt
00:01:26]} 27. Rd1 {[%clk 00:24:38]} {[%emt 00:01:09]} Rc6 {[%clk 00:10:28]}
{[%emt 00:04:26]} 28. h4 {[%clk 00:23:55]} {[%emt 00:01:14]} d4 {[%clk
00:09:13]} {[%emt 00:01:46]} 29. exd4 {[%clk 00:24:09]} {[%emt 00:00:15]} cxd4
{[%clk 00:09:36]} {[%emt 00:00:07]} 30. h5 {[%clk 00:24:04]} {[%emt 00:00:34]}
g5 {[%clk 00:09:08]} {[%emt 00:00:58]} 31. Qf5+ {[%clk 00:23:37]} {[%emt
00:00:57]} Kg7 {[%clk 00:09:27]} {[%emt 00:00:11]} 32. Ne2 {[%clk 00:23:00]}
{[%emt 00:01:07]} d3 {[%clk 00:08:38]} {[%emt 00:01:19]} 33. Qxa5 {[%clk
00:17:45]} {[%emt 00:05:45]} Rf8 {[%clk 00:06:05]} {[%emt 00:03:03]} 34. Qe1
{[%clk 00:15:27]} {[%emt 00:02:48]} Rc2 {[%clk 00:03:39]} {[%emt 00:02:56]} 35.
Rbc1 {[%clk 00:15:12]} {[%emt 00:00:46]} d2 {[%clk 00:02:58]} {[%emt 00:01:11]}
36. Qf1 {[%clk 00:14:48]} {[%emt 00:00:54]} dxc1=Q {[%clk 00:03:07]} 37. Rxd6
{[%clk 00:14:57]} {[%emt 00:00:42]} Qxf1+ 38. Kxf1 {[%clk 00:15:21]} Rxb2
{[%clk 00:03:39]} {[%emt 00:00:17]} 39. g3 {[%clk 00:15:26]} {[%emt 00:00:24]}
e3 {[%clk 00:03:47]} {[%emt 00:00:23]} 40. f4 {[%clk 00:15:45]} {[%emt
00:00:10]} Nc4 {[%clk 00:03:21]} {[%emt 00:00:57]} 41. Rc6 {[%clk 00:15:53]}
{[%emt 00:00:22]} Nd2+ {[%clk 00:03:04]} {[%emt 00:00:47]} 42. Kg2 {[%clk
00:16:19]} {[%emt 00:00:04]} gxf4 {[%clk 00:02:51]} {[%emt 00:00:44]} 43. gxf4
{[%clk 00:16:43]} {[%emt 00:00:05]} Nb1 {[%clk 00:02:43]} {[%emt 00:00:38]} 44.
Kf3 {[%clk 00:16:54]} {[%emt 00:00:18]} Re8 {[%clk 00:01:20]} {[%emt 00:01:54]}
45. a4 {[%clk 00:16:43]} {[%emt 00:00:41]} Nd2+ {[%clk 00:01:20]} {[%emt
00:00:30]} 46. Kg4 {[%clk 00:16:34]} {[%emt 00:00:40]} Nb3 {[%clk 00:01:37]}
{[%emt 00:00:13]} 47. Rc7+ {[%clk 00:16:24]} {[%emt 00:00:40]} Kf6 {[%clk
00:29:48]} {[%emt 00:02:19]} 48. Kf3 {[%clk 00:45:10]} {[%emt 00:01:44]} Rd8
{[%clk 00:24:40]} {[%emt 00:05:38]} 49. Rc6+ {[%clk 00:44:45]} {[%emt
00:00:55]} Kf7 {[%clk 00:23:42]} {[%emt 00:01:28]} 50. Rc7+ {[%clk 00:45:06]}
{[%emt 00:00:09]} Kf8 {[%clk 00:22:58]} {[%emt 00:01:14]} 51. f5 {[%clk
00:44:57]} {[%emt 00:00:39]} Nd4+ {[%clk 00:21:51]} {[%emt 00:01:37]} 52. Nxd4
{[%clk 00:45:18]} {[%emt 00:00:09]} Rxd4 {[%clk 00:22:07]} {[%emt 00:00:14]}
53. Kxe3 {[%clk 00:45:41]} {[%emt 00:00:06]} Rxa4 {[%clk 00:21:34]} {[%emt
00:01:03]} 0-1